000 00615cam a22002411 4500
001 sa 68006351
003 DLC
005 20260227112515.0
008 890629s1965 pk 000 0 urdr
010 _asa 68006351
035 _a(OCoLC)19949557
040 _aDLC
_cWaU
_dWU
_dDLC
042 _apremarc
050 0 0 _aPN6267.U7
_bB3
100 1 _aBarq, G̲h̲ulām Jīlānī,
_d1901-1985.
245 1 0 _aDānish-i ʻArab o ʻAjam.
260 _c[1965]
300 _a376 p. ;
_c19 cm.
500 _aIn Urdu.
500 _aPublisher's advertisements: p. 375-376.
650 0 _aAnecdotes.
650 0 _aMaxims.
999 _c81272
_d81272